| 000 | 00330nam a22001337a 4500 | ||
|---|---|---|---|
| 999 |
_c522764 _d522764 |
||
| 082 |
_a658 _bAM |
||
| 110 |
_aAcademy of Management _913045 |
||
| 245 | _aAcademy of Management Review | ||
| 260 |
_bPalmyra _cJuly 2015 |
||
| 300 | _a315-494 | ||
| 650 |
_aManagement _92007 |
||
| 710 |
_aAcademy of Management _913045 |
||
| 942 |
_cCR _s1 |
||